Responses for Show #7325 - Friday, June 17, 2016

Contestants

[<< previous game]

Christopher Denault, a wedding videographer and stay-at-home dad from Carol Stream, Illinois

David Sena, a public interest attorney originally from Claremont, California

Liz Haigney Lynch, a freelance writer and genealogist from Montclair, New Jersey (whose 1-day cash winnings total $28,500)

[next game >>]

Jeopardy! Round responses

GOING ____ ON CLASSICAL MUSIC
A SIZEABLE CATEGORY
RESORTS
ANIMATED MOVIES
Y, OH Y
(Alex: Each correct response will contain two "Y"s.)
BECAUSE
    $200 1
Joy

David
    $200 20
Lake Michigan

Christopher
    $200 29
Atlantic City

David
    $200 4
Despicable Me

David
    $200 11
synonyms

David
    $200 30
(David: What is seven?)
...
(Alex: He rested on the seventh day.)

6

DavidChristopher
    $400 2
songs

Liz
    $400 16
a piñata

Liz
    $400 25
the Sinai Peninsula

David
    $400 7
Toy Story

Christopher
    $400 12
odyssey

Christopher
    $400 23
a rainout

David
    $600 3
Night

Christopher
    $600 17
Pennsylvania

Liz
    $600 26
Baden-Baden

David
    $600 8
Zootopia

Christopher
    $600 13
polygamy

Christopher
    $600 21
talk to the hand

Liz
    $800 5
Billy the Kid

Liz
    $800 18
the Yangtze

David
    $2,000 27
(David: Uh, what is Sevastopol?)

Yalta

David
    $800 9
Ice Age

Christopher
    $800 14
a pygmy

Liz
    $800 22
Death

Liz
    $1000 6
Köchel

David
    $1000 19
the BBC

Liz
    $1000 28
Lake Louise

Liz
    $1000 10
The Good Dinosaur

David
    $1000 15
Kyrgyzstan

David
    $1000 24
Spock

David

Scores at the first commercial break (after clue 15):

Liz David Christopher
$2,000 $3,600 $3,400

Scores at the end of the Jeopardy! Round:

Liz David Christopher
$6,400 $4,800 $3,800

Double Jeopardy! Round responses

BEFORE & AFTER
WHICH BRITISH MONARCH'S REIGN?
EARTH SCIENCE
IN THE ZONE
TEEN LITERATURE
TOUGH AARON SPELLING WOMEN
    $400 1
Batman & Robin Thicke

Triple Stumper
    $400 16
Henry VIII

Liz
    $400 18
lava

David
    $400 21
the Green Zone

David
    $400 14
the Russian Revolution

David
    $400 12
(David: What is Saved by the Bell?)

Beverly Hills, 90210

DavidChristopher
    $800 2
Jurassic World Bank

David
    $800 3
Victoria

Liz
    $800 6
salinity

Triple Stumper
    $800 19
[ERRATUM: 49 C.F.R. § 71 is in the "Code of Federal Regulations", not the "Federal Code of Regulations".]

the Mountain Time Zone

Liz
    $800 24
Fu Manchu

David
    $800 13
(Alex: Christopher, you knew that. You should've rung in.)

Melrose Place

Triple Stumper
    $1200 10
Maya Rudolph the Red-Nosed Reindeer

Triple Stumper
    $3,000 4
Charles I

Liz
    $1200 7
the stratosphere

Triple Stumper
    $1200 20
erogenous

Liz
    $5,200 25
(Alex: You have a minute to go now.)

psychoanalysis

David
    $1200 28
Dynasty

Liz
    $1600 11
(David: What is Burning Man Zone?)

Burning Man-to-Man

DavidChristopher
    $1600 5
George III

David
    $1600 8
a piedmont

Triple Stumper
    $1600 22
Chernobyl

Liz
    $1600 26
Metamorphosis

Liz
    $1600 29
[The end-of-round signal sounds.]

Charmed

Christopher
    $2000 15
(Alex: Yes. Makes you laugh.)
[No one was laughing.]

the Electoral College of Cardinals

Liz
    $2000 17
(David: Um, who is... Elizabeth I?)

James I

LizDavid
    $2000 9
albedo

Triple Stumper
    $2000 23
the temperate zone

Triple Stumper
    $2000 27
Herman Hesse

Triple Stumper

Scores at the end of the Double Jeopardy! Round:

Liz David Christopher
$21,000 $10,400 $7,400
(lock game)

[wagering suggestions for these scores]

Final Jeopardy! Round responses

GEOGRAPHY IN THE NEWS
(Alex: What we discovered about a month ago on our program was that many people in the United States do not know much about Central America. Let's see if we change all of that today.)
ChristopherWhat is Guatemala?
$3,001
DavidWhat is Guatemala?
$4,400
LizWhat is Guatemala?
$100
Guatemala

Final scores:

Liz David Christopher
$21,100 $14,800 $10,401
2-day champion: $49,600 2nd place: $2,000 3rd place: $1,000

Game dynamics:

Coryat scores:

Liz David Christopher
$19,200 $8,400 $7,400
19 R
(including 1 DD),
0 W
19 R
(including 1 DD),
5 W
(including 1 DD)
11 R,
0 W

Combined Coryat: $35,000

[game clues] [game scores] [suggest correction]

Game tape date: 2016-03-22
The J! Archive is created by fans, for fans. Scraping, republication, monetization, and malicious use prohibited; this site may use cookies and collect identifying information. See terms. The Jeopardy! game show and all elements thereof, including but not limited to copyright and trademark thereto, are the property of Jeopardy Productions, Inc. and are protected under law. This website is not affiliated with, sponsored by, or operated by Jeopardy Productions, Inc. Join the discussion at JBoard.tv.